00550nam a2200169Ia 4500008004100000020001600041041001200057082001600069100001600085245003800101260002500139300000800164650001400172942000700186999001500193952017200208221030s9999 xx 000 0 und d a8120332286x aEnglish a105.23bCom aD. E. Comer 4aThe Internet Bookcby D. E. Comer bPHIaNew Delhic2004 a351 aComputers cBK c2777d2777 pM 1039g195.00l0o105.23 Comr2024-06-10 00:00:00w2022-10-30yBK003Print4070aMIETLIBbMIETLIBcBL-Academic Block- B, FL-2, CUP-96, SH-6, R-6d2006-09-1110HMCA